000 00580nam a2200205 a 4500
005 20230602063549.0
008 040924s2003 mx r 000 0 spa d
020 _a9681670337
035 _aUPN01000134863
049 _aCG
050 4 _aPQ7298.17 O5.93
_bA2.2
100 1 _aGonzález de León, Ulalume,
_d1932-
245 1 0 _aA cada rato lunes /
_cUlalume González de León.
260 _aMéxico :
_bFCE,
_c2003.
300 _a115 p.
440 0 _aLetras mexicanas
650 4 _aCuentos mexicanos
_96937
650 4 _aLiteratura mexicana
_ySiglo XX
_95344
905 _aLibro
999 _c107014
_d107014